5HLuxD.jpg

KING HENRY VIII SENIOR AND PRIMARY SCHOOL LIBRARY OPAC

The Ancient Maya (Record no. 4029)

000 -LEADER
fixed length control field 00625nam a22002297a 4500
005 - DATE AND TIME OF LATEST TRANSACTION
control field 20241227104154.0
008 - FIXED-LENGTH DATA ELEMENTS--GENERAL INFORMATION
fixed length control field 241227b ||||| |||| 00| 0 eng d
020 ## - INTERNATIONAL STANDARD BOOK NUMBER
International Standard Book Number 9781467723831
040 ## - CATALOGING SOURCE
Transcribing agency KH8
082 ## - DEWEY DECIMAL CLASSIFICATION NUMBER
Classification number 930 DOE
100 ## - MAIN ENTRY--PERSONAL NAME
Personal name Doeden, Matt
Relator term Author.
245 ## - TITLE STATEMENT
Title The Ancient Maya
Statement of responsibility, etc. Matt Doeden
260 ## - PUBLICATION, DISTRIBUTION, ETC.
Place of publication, distribution, etc. United State of America
Name of publisher, distributor, etc. Lerner Classroom
Date of publication, distribution, etc. 2014
300 ## - PHYSICAL DESCRIPTION
Extent 40 pages.
Other physical details colour illustration
Dimensions 23 cm.
Accompanying material maps
521 ## - TARGET AUDIENCE NOTE
Target audience note student
546 ## - LANGUAGE NOTE
Language note English
650 ## - SUBJECT ADDED ENTRY--TOPICAL TERM
Topical term or geographic name entry element Mayas
650 ## - SUBJECT ADDED ENTRY--TOPICAL TERM
Topical term or geographic name entry element Juvenile literature
700 ## - ADDED ENTRY--PERSONAL NAME
Personal name Evans, Lisa
Relator term illustrator
710 ## - ADDED ENTRY--CORPORATE NAME
Corporate name or jurisdiction name as entry element DK Publication
942 ## - ADDED ENTRY ELEMENTS (KOHA)
Source of classification or shelving scheme
Koha item type Books - Non Ficton
Holdings
Withdrawn status Lost status Source of classification or shelving scheme Damaged status Not for loan Collection code Permanent Location Current Location Shelving location Date acquired Full call number Barcode Date last seen Price effective from Koha item type Public note
          Non-Fiction KH8 Primary School Library KH8 Primary School Library Non Fiction 2025-02-24 930 DOE KHPL000006088 2025-12-05 2025-02-24 Books - Non Ficton KH8 PRIMARY LIBRARY

Powered By KH8 IT Dept